Catálogo

MANUAL PARA EL USO DE EXPLOSIVOS (Registro nro. 45172)

Detalles MARC
000 -LEADER
fixed length control field 00969nam a2200193 a 4500
001 - CONTROL NUMBER
control field 45172
005 - DATE AND TIME OF LATEST TRANSACTION
control field 20180714024255.0
008 - FIXED-LENGTH DATA ELEMENTS--GENERAL INFORMATION
fixed length control field 140415s1973 mx 000 0 spa d
041 ## - LANGUAGE CODE
Language code of text/sound track or separate title spa
082 ## - DEWEY DECIMAL CLASSIFICATION NUMBER
Classification number 662.2
Item number MAN
245 00 - TITLE STATEMENT
Title MANUAL PARA EL USO DE EXPLOSIVOS
250 ## - EDITION STATEMENT
Edition statement 1a ed.
260 ## - PUBLICATION, DISTRIBUTION, ETC.
Place of publication, distribution, etc. MEXICO :
Name of publisher, distributor, etc. CECSA,
Date of publication, distribution, etc. 1973
300 ## - PHYSICAL DESCRIPTION
Extent 59
Dimensions 22.5 x 15.8 x 3
520 ## - SUMMARY, ETC.
Summary, etc. LOS EXPLOSIVOS SON UNA DE LAS PRINCIPALES HERRAMIENTAS DEL HOMBRE; LA MAS PODEROSA POR MUCHO Y, SIN EMBARGO, LO SUFICIENTEMENTE SEGURA Y CONTROLABLE PARA UTILIZARSE EN EL CORAZON DE LAS CIUDADES Y PARA DESARROLLAR TRABAJOS DE PRESICION. SON VITALES EN LA LOCALIZACION DE NUESTRAS MATERIAS PRIMAS Y COMBUSTIBLES, ASI COMO EN SU EXTRACCION DE LA TIERRA; SON ESENCIALES PARA LIMPIAR DE OBSTACULOS A MEDIDA QUE CAMBIAMOS EL ASPECTO DE LA TIERRA CON CAMINOS, AEROPUERTOS Y CIUDADES.
650 14 - SUBJECT ADDED ENTRY--TOPICAL TERM
Topical term or geographic name entry element EXPLOSIVOS
700 1# - ADDED ENTRY--PERSONAL NAME
Personal name VARGAS ROMERO, SERGIO
Relator term tr.
740 ## - ADDED ENTRY--UNCONTROLLED RELATED/ANALYTICAL TITLE
Uncontrolled related/analytical title BLASTERÅš HANDBOOK
Existencias
Withdrawn status Lost status Source of classification or shelving scheme Damaged status Not for loan Collection code Home library Current library Shelving location Date acquired Source of acquisition Inventory number Total Checkouts Full call number Barcode Date last seen Date last checked out Price effective from Koha item type
    Dewey Decimal Classification     General Biblioteca Karol Wojtyla Biblioteca Karol Wojtyla Sala general 03/12/2013 Compra 151000000000000000030839 1 662.2 MAN 67915 29/04/2026 18/09/2018 03/12/2013 Libro